| 000 | 00455nam a2200145Ia 4500 | ||
|---|---|---|---|
| 003 | OSt | ||
| 005 | 20260128110426.0 | ||
| 008 | 211028s2017 xx 000 0 und d | ||
| 040 | _cAIMIT LIBRARY | ||
| 041 | _aeng | ||
| 100 |
_aTharun M U; Nazareth, Teresa. _g1516168 _97740 |
||
| 245 | _aImpact of brand preference among B- segmented cars on buying behaviour of customers in manglore / | ||
| 260 |
_aMangalore _bTeresa Nazareth. _c2017 |
||
| 942 |
_2ddc _cPRO |
||
| 999 |
_c219308 _d219308 |
||